000 nam a22 7a 4500
999 _c127861
_d127861
008 180406b xxu||||| |||| 00| 0 eng d
020 _a9780821380727
050 _aHC517.N48
_bP993
245 _aPutting Nigeria to work
_ba strategy for employment and growth
_cEdited by Volker Treichel
260 _aWashington D.C.
_bThe World Bank
_c2010
300 _axiii, 273p. ;
_c23cm.
440 _aDirection in development
_941311
650 _aNigeria
_xEconomic development
_941312
700 _aTreichel, Volker
_941313
_eed.
942 _2lcc
_cMONOGRAPH